| 000 | 00462nam a22001817a 4500 | ||
|---|---|---|---|
| 003 | MPLRDC | ||
| 005 | 20220104124852.0 | ||
| 008 | 210129b ||||| |||| 00| 0 eng d | ||
| 020 | _a978-7-5087-2441-6 | ||
| 082 | _a857.62 SCCY-2 v.1 | ||
| 100 | _a森村诚一 | ||
| 245 |
_a死亡座席 _c杨军 译 |
||
| 250 | _a一版一刷 | ||
| 260 |
_a中国 _b中国社会出版社 _c2009 |
||
| 300 | _b254 | ||
| 650 | _a推理小说 | ||
| 942 |
_cBK _o857.62 SCCY-2 v.1 |
||
| 999 |
_c22800 _d22790 |
||